| 000 | 00445nam a2200181Ia 4500 | ||
|---|---|---|---|
| 008 | 180921t2015 xxu||||| |||| 00| 0 sin d | ||
| 041 | _asin | ||
| 080 |
_a796 _bKAR |
||
| 100 | _aKarunathilaka,Shehan | ||
| 245 | _aචයිනමන් | ||
| 246 | _aChainaman | ||
| 260 |
_bDiogenes (pvt) Ltd _a _c2015 |
||
| 300 | _b325p, 21cm | ||
| 700 |
_aDilipa Abesekara _etr. |
||
| 942 | _cBK | ||
| 999 |
_c2904 _d2904 |
||
| 003 | LK-CoDNM | ||
| 040 |
_aLK-CoDNM _dLK-CoDNM _eLK-CoDNM |
||